000 00290 a2200133 4500
001 154326
040 _cEscola São Tomás de Aquino
100 _aPESTILLI, Ellen
240 1 0 _aAlma de rio
_lpor
245 1 0 _aAlma de rio
362 0 _a2008
697 _a*LITERATURA INFANTO
942 _cBK
999 _c154326
_d154326